La patria vieja
Gardado en:
| Autor Principal: | |
|---|---|
| Formato: | Libro |
| Idioma: | Lingua castelá |
| Publicado: |
Santiago, Chile
Universidad de Chile
1933
|
| Subjects: | |
| Tags: |
Engadir etiqueta
Sen Etiquetas, Sexa o primeiro en etiquetar este rexistro!
|
MARC
| LEADER | 00000nam a2200000 a 4500 | ||
|---|---|---|---|
| 001 | UCO2103 | ||
| 003 | CL-VaPUC | ||
| 005 | 20250226123739.0 | ||
| 008 | 000602e19330000CL |||||||||||||||||spa|d | ||
| 999 | |c 288643 |d 288641 | ||
| 040 | |c Pontificia Universidad Católica de Valparaíso | ||
| 082 | 0 | 4 | |a 983.04 ORR 1933 |2 21 |
| 100 | |a Orrego Luco, Augusto |e autor |9 339561 | ||
| 245 | 1 | 3 | |a La patria vieja |
| 260 | |a Santiago, Chile |b Universidad de Chile |c 1933 | ||
| 300 | |a volúmenes | ||
| 583 | |a last modification |c 20000602 00:00:00 |k Rodrigo Vera | ||
| 650 | 0 | |a Historia de Chile |9 265473 | |
| 650 | 0 | |a Independencia |z CHILE |9 344246 | |
| 650 | 0 | |a Patria Vieja |z CHILE |9 380238 | |
| 852 | |a BIBCUR | ||
| 942 | |c BK |2 ddc | ||
| 945 | |d 20000602 00:00:00 |a crobeson | ||
| 952 | |0 0 |1 0 |2 ddc |4 0 |6 983_040000000000000_ORR_1933 |7 0 |8 X |9 336476 |a BIBHIS |b BIBHIS |d 2019-11-20 |h v.2 |i 1278770 |o 983.04 ORR 1933 |p 1278770 |r 2024-01-30 |t 1 |w 2019-11-20 |y BK_X |k HIS | ||
| 952 | |0 0 |1 0 |2 ddc |4 0 |6 983_040000000000000_ORR_1933 |7 0 |8 X |9 336477 |a BIBHIS |b BIBHIS |d 2019-11-20 |h v.2 |i 127886K |o 983.04 ORR 1933 |p 127886K |r 2019-11-20 |t 2 |w 2019-11-20 |y BK_X |k HIS | ||